Most NCAA Final Fours Quiz Stats

 Plays Quiz Updated Mar 31, 2019

Score 0/27 Timer 05:00
10 Plays Today
Number Team % Correct
16Duke Blue Devils
97%
20North Carolina Tar Heels
96.7%
17UCLA Bruins
93.3%
17Kentucky Wildcats
89.5%
6Michigan Wolverines
88%
15Kansas Jayhawks
86%
5Florida Gators
82.9%
10Michigan State Spartans
82.4%
8Indiana Hoosiers
77.2%
10Ohio State Buckeyes
74.2%
6Syracuse Orange
72.2%
8Louisville Cardinals
71%
5Georgetown Hoyas
67.4%
4Arizona Wildcats
65.3%
Number Team % Correct
4Wisconsin Badgers
65%
5Oklahoma Sooners
64.1%
5Illinois Fighting Illini
54.8%
5Villanova Wildcats
50.4%
4LSU Fighting Tigers
49.5%
4UNLV Rebels
46.3%
6Oklahoma State Cowboys
41.5%
6Arkansas Razorbacks
38.7%
4Kansas State Wildcats
36%
6Cincinnati Bearcats
31.5%
5Houston Cougars
30.5%
5Connecticut Huskies
29.6%
4Utah Utes
28%

You're not logged in!

Compare scores with friends on all Sporcle quizzes.
OR
Log In

Sporcle TV

Today on Sporcle TV


Watch our educational content, quiz creation guides, and fun videos on Sporcle TV.

Show Comments

Extras

Top Quizzes Today


Score Distribution

Your Account Isn't Verified!

In order to create a playlist on Sporcle, you need to verify the email address you used during registration. Go to your Sporcle Settings to finish the process.

Report this User

Report this user for behavior that violates our Community Guidelines.

Details: